| 000 | 02071nam a22002537a 4500 | ||
|---|---|---|---|
| 999 |
_c62718 _d62718 |
||
| 003 | Ge_BSU | ||
| 005 | 20250129172247.0 | ||
| 008 | 250129s2017 ge ||||| |||| 00| 0 geo d | ||
| 020 | _a9789941270338 | ||
| 041 | _ageo | ||
| 080 | _a94(=353.1)(560) | ||
| 100 |
_aშოშიტაშვილი, ნოდარ. _918031 |
||
| 245 |
_aსაქართველოს "საძიებლად" თურქეთში : _b სამი ზაფხული თურქეთელ ქართველებთან / _cნოდარ შოშიტაშვილი; რედაქტორები: ჯაბა სამუშია, გელა გურგენიძე, მირიან ხოსიტაშილი ; დიზაინერი რეზო თხილიშვილი ; საქ. პარლამენტის ეროვნული ბიბ-კა, პარლამენტის სამეცნიერო-საინფორმაციო უზრუნველყოფის განყ-ბა. |
||
| 264 |
_aთბილისი, _b(შპს "საჩინო"), _c2017. |
||
| 300 |
_a128 გვ. : _b ფოტ. ; _c24 სმ. |
||
| 500 | _a გარეკანზე გოგა ჩანადირის ფოტო. | ||
| 653 | _aქართველები თურქეთში | ||
| 700 |
_aსამუშია, ჯაბა _eრედაქტორი. _924176 |
||
| 700 |
_aგურგენიძე, გელა _eრედაქტორი _922056 |
||
| 700 |
_aხოსიტაშვილი, მირიან _eრედაქტორი _924177 |
||
| 700 |
_aთხილიშვილი, რეზო _eდიზაინერი _924178 |
||
| 710 |
_aსაქ. პარლამენტის ეროვნული ბიბ-კა. პარლამენტის სამეცნიერო-საინფორმაციო უზრუნველყოფის განყ-ბა _924179 |
||
| 942 |
_2udc _cᲬᲘᲒᲜᲘ |
||